Click the Correct Continent by Country - Statistics

General Stats
  • This quiz has been taken 156 times
  • The average score is 23 of 25
Answer Stats
Hint Answer % Correct
Switzerland Europe
97%
Romania Europe
97%
Germany Europe
96%
Italy Europe
96%
Nepal Asia
95%
Australia Oceania
95%
Peru South America
95%
Chad Africa
94%
Eswatini Africa
94%
Namibia Africa
94%
Turkmenistan Asia
94%
Japan Asia
94%
United States North America
94%
Canada North America
94%
New Zealand Oceania
94%
Brazil South America
94%
Venezuela South America
94%
Sri Lanka Asia
93%
Singapore Asia
93%
Mexico North America
90%
Cuba North America
89%
Sierra Leone Africa
87%
Solomon Islands Oceania
86%
Nauru Oceania
83%
Suriname South America
76%
No matching quizzes found
Score Distribution
Percent of People with Each Score
Percentile by Number Answered
Your Score History
You have not taken this quiz